Countries with the Most Rail Travel per Capita - Statistics

General Stats
  • This quiz has been taken 33,461 times
  • The average score is 16 of 20
Answer Stats
km country % Correct
1,205 United Kingdom
97%
963 China
96%
1,609 France
96%
1,179 Germany
96%
3,464 Japan
96%
920 Italy
92%
897 Russia
90%
1,340 Sweden
85%
850 India
84%
1,090 Netherlands
84%
847 Norway
83%
885 Belgium
82%
1,740 South Korea
82%
2,433 Switzerland
82%
1,488 Austria
81%
821 Finland
81%
1,143 Denmark
78%
964 Czech Republic
64%
912 Taiwan
54%
1,032 Kazakhstan
24%
No matching quizzes found
Score Distribution
Percent of People with Each Score
Percentile by Number Answered
Your Score History
You have not taken this quiz